[Event "Winnipeg TNT May op"]
[Site "Winnipeg"]
[Date "2001.05.15"]
[Round "3"]
[White "Nikouline, Alexandre"]
[Black "Taylor, Gordon"]
[Result "1/2-1/2"]
[WhiteElo "2104"]
[BlackElo "1700"]
[PlyCount "113"]
[EventDate "2001.05.??"]
[EventType "swiss"]
[EventRounds "5"]
[EventCountry "CAN"]
[SourceTitle "EXT 2005"]
[Source "ChessBase"]
[SourceDate "2004.11.15"]
[SourceVersion "1"]
[SourceVersionDate "2004.11.15"]
[SourceQuality "1"]

1. e4 e5 2. Nf3 Nc6 3. Bb5 a6 4. Ba4 Nf6 5. 0-0 b5 6. Bb3 Bb7 7. Ng5 d5 8. exd5 Nxd5 9. Qf3 Qxg5 10. Bxd5 Qg6 11. c3 Rd8 12. Be4 Nd4 13. cxd4 Bxe4 14. Qg3 Qxg3 15. hxg3 Rxd4 16. Nc3 Bg6 17. Re1 f6 18. Ne2 Rd7 19. d4 Bb4 20. Nc3 Rxd4 21. Be3 Rd3 22. a4 0-0 23. axb5 axb5 24. Rec1 Bxc3 25. bxc3 Rfd8 26. Bc5 Be4 27. c4 bxc4 28. Rxc4 Rd1+ 29. Rxd1 Rxd1+ 30. Kh2 Bd5 31. Rc3 Ra1 32. g4 Ra4 33. Kg3 Rc4 34. Rxc4 Bxc4 35. g5 f5 36. f4 e4 37. Kf2 Kf7 38. Bd4 g6 39. Be5 c6 40. Ke3 Ke6 41. Kd4 Bf1 42. g3 Bg2 43. Kc5 e3 44. Bc3 Kf7 45. Kd4 e2 46. Ke3 Ke6 47. Kd4 Kd6 48. Bb4+ Kc7 49. Kc5 Kd7 50. Kd4 Ke6 51. Bc3 Bf3 52. Ke3 Be4 53. Kxe2 Kd5 54. Ke3 c5 55. Bg7 Kc4 56. Kd2 Kb3 57. Bf6 1/2-1/2

[Event "Financial Concept op 6th"]
[Site "North Bay"]
[Date "1999.08.07"]
[Round "8"]
[White "Filipovich, David"]
[Black "Taylor, Gordon"]
[Result "1/2-1/2"]
[WhiteElo "2236"]
[BlackElo "2301"]
[PlyCount "37"]
[EventDate "1999.08.04"]
[EventType "swiss"]
[EventRounds "9"]
[EventCountry "CAN"]
[SourceTitle "EXT 2000"]
[Source "ChessBase"]
[SourceDate "1999.11.16"]
[SourceVersion "1"]
[SourceVersionDate "1999.11.16"]
[SourceQuality "1"]

1. Nf3 Nf6 2. g3 c5 3. Bg2 Nc6 4. d4 e6 5. 0-0 cxd4 6. Nxd4 Bc5 7. Nxc6 bxc6 8. c4 d5 9. Nc3 0-0 10. Qc2 Qe7 11. Bg5 h6 12. Bxf6 gxf6 13. cxd5 cxd5 14. Rac1 Bb6 15. Rfd1 Bb7 16. Na4 Rac8 17. Qd2 Kg7 18. Nxb6 axb6 19. Qe3 1/2-1/2

[Event "Financial Concept op 6th"]
[Site "North Bay"]
[Date "1999.08.07"]
[Round "7"]
[White "Taylor, Gordon"]
[Black "Dougherty, Michael J"]
[Result "1/2-1/2"]
[WhiteElo "2301"]
[BlackElo "2257"]
[PlyCount "119"]
[EventDate "1999.08.04"]
[EventType "swiss"]
[EventRounds "9"]
[EventCountry "CAN"]
[SourceTitle "EXT 2000"]
[Source "ChessBase"]
[SourceDate "1999.11.16"]
[SourceVersion "1"]
[SourceVersionDate "1999.11.16"]
[SourceQuality "1"]

1. d4 d5 2. Nf3 c6 3. c4 Nf6 4. Nc3 e6 5. e3 Nbd7 6. Bd3 dxc4 7. Bxc4 b5 8. Bd3 Bb7 9. e4 b4 10. Na4 c5 11. e5 Nd5 12. 0-0 cxd4 13. Re1 g6 14. Bg5 Be7 15. Bh6 Bf8 16. Qd2 Bxh6 17. Qxh6 Qe7 18. Nxd4 Qf8 19. Qd2 Qe7 20. Bb5 0-0 21. Nc6 Qh4 22. Na5 Bc8 23. Bc6 Rb8 24. Bxd5 exd5 25. Qxd5 Nb6 26. Nxb6 Rxb6 27. Qc5 Be6 28. Nc6 Qc4 29. Rec1 Qxc5 30. Rxc5 b3 31. a4 Kg7 32. a5 Rb7 33. Nd4 Rd8 34. Nxe6+ fxe6 35. a6 Rbd7 36. g3 Rd2 37. Rc7+ Kh6 38. Rxa7 Rxb2 39. Rb7 Ra2 40. Rf1 Rxa6 41. Rxb3 Rd2 42. Re1 Raa2 43. Rf3 Re2 44. Rxe2 Rxe2 45. Re3 Rb2 46. h4 g5 47. hxg5+ Kxg5 48. Rf3 Re2 49. Rf7 h5 50. Rf8 h4 51. Kg2 hxg3 52. Kxg3 Ra2 53. Rf6 Ra3+ 54. f3 Ra6 55. Kf2 Ra3 56. Kg3 Ra6 57. Rf8 Ra3 58. Rf7 Re3 59. Rf8 Ra3 60. Rf6 1/2-1/2

[Event "Financial Concept op 6th"]
[Site "North Bay"]
[Date "1999.08.04"]
[Round "2"]
[White "Kalinin, Alexander"]
[Black "Taylor, Gordon"]
[Result "1/2-1/2"]
[WhiteElo "2425"]
[BlackElo "2301"]
[PlyCount "119"]
[EventDate "1999.08.04"]
[EventType "swiss"]
[EventRounds "9"]
[EventCountry "CAN"]
[SourceTitle "EXT 2000"]
[Source "ChessBase"]
[SourceDate "1999.11.16"]
[SourceVersion "1"]
[SourceVersionDate "1999.11.16"]
[SourceQuality "1"]

1. Nf3 c5 2. e4 Nc6 3. d4 cxd4 4. Nxd4 g6 5. c4 Bg7 6. Be3 Nf6 7. Nc3 0-0 8. Be2 d6 9. 0-0 Bd7 10. Nc2 Rc8 11. f3 Ne5 12. b3 a6 13. a4 a5 14. Nd5 Nxd5 15. exd5 Be8 16. Nd4 Nd7 17. Bd3 Nc5 18. Bc2 Bd7 19. Rb1 e5 20. dxe6 fxe6 21. Qd2 Qb6 22. Rfd1 Rcd8 23. Kh1 Rf7 24. Qf2 Qc7 25. Rd2 Be5 26. Rbd1 Rdf8 27. Qg1 Bc6 28. Bh6 Re8 29. Qe3 Bxd4 30. Qxd4 e5 31. Qxd6 Qxd6 32. Rxd6 e4 33. fxe4 Rf2 34. R6d2 Rxd2 35. Rxd2 Bxe4 36. Kg1 Bxc2 37. Rxc2 Nxb3 38. Rb2 Nc5 39. Rb5 Nxa4 40. Rxb7 Nc5 41. Rg7+ Kh8 42. Ra7 a4 43. h3 Kg8 44. Rg7+ Kh8 45. Rc7 Ne6 46. Ra7 Nc5 47. Ra5 Rc8 48. Be3 Ne6 49. Ra6 Nc5 50. Ra5 Ne6 51. Rxa4 Kg7 52. Kf2 Kf6 53. Kf3 Ke5 54. Ra5+ Kf6 55. c5 Ke5 56. Ra7 h5 57. Ra6 Kd5 58. Bg1 Rf8+ 59. Kg3 Rf1 60. Kh2 1/2-1/2

[Event "Hull Outaouais op"]
[Site "Hull"]
[Date "1998.10.25"]
[Round "5"]
[White "Weston, Paul"]
[Black "Taylor, Gordon"]
[Result "0-1"]
[WhiteElo "2074"]
[BlackElo "2388"]
[PlyCount "40"]
[EventDate "1998.10.23"]
[EventType "swiss"]
[EventRounds "5"]
[EventCountry "CAN"]
[SourceTitle "EXT 2022"]
[Source "ChessBase"]
[SourceDate "2021.10.06"]
[SourceVersion "1"]
[SourceVersionDate "2021.10.06"]
[SourceQuality "1"]

1. c4 c5 2. Nf3 Nf6 3. Nc3 d5 4. cxd5 Nxd5 5. e4 Nb4 6. d3 N8c6 7. a3 Na6 8. Be3 e5 9. Be2 Be7 10. 0-0 Be6 11. Rc1 0-0 12. Nd2 Qd7 13. Nc4 Rad8 14. Qe1 f6 15. f3 Nd4 16. Bd1 b5 17. Na5 Rc8 18. Qf2 Bd8 19. b4 cxb4 20. axb4 Nxb4 0-1

[Event "Toronto op"]
[Site "Toronto"]
[Date "1998.05.16"]
[Round "5"]
[White "Taylor, Gordon"]
[Black "Hergott, Deen"]
[Result "1/2-1/2"]
[WhiteElo "2325"]
[BlackElo "2365"]
[PlyCount "40"]
[EventDate "1998.05.14"]
[EventType "swiss"]
[EventRounds "9"]
[EventCountry "CAN"]
[SourceTitle "CBM 065 Extra"]
[Source "ChessBase"]
[SourceDate "1998.09.09"]
[SourceVersion "1"]
[SourceVersionDate "1998.09.09"]
[SourceQuality "1"]

1. e4 c5 2. Nf3 e6 3. d4 cxd4 4. Nxd4 Nf6 5. Nc3 Nc6 6. g3 Bb4 7. Bg2 0-0 8. 0-0 b6 9. e5 Bxc3 10. bxc3 Nd5 11. Nxc6 dxc6 12. Ba3 Ba6 13. Bxf8 Bxf1 14. Qxf1 Qxf8 15. c4 Nb4 16. c3 Na6 17. Bxc6 Rd8 18. Rd1 f6 19. exf6 Qxf6 20. Rxd8+ Qxd8 1/2-1/2

[Event "Winnipeg Kent Oliver Memorial"]
[Site "Winnipeg"]
[Date "1998.??.??"]
[Round "?"]
[White "Kaptsan, Aron"]
[Black "Taylor, Gordon"]
[Result "1-0"]
[WhiteElo "2170"]
[BlackElo "2325"]
[PlyCount "35"]
[EventDate "1998.??.??"]
[EventType "swiss"]
[EventRounds "7"]
[EventCountry "CAN"]
[SourceTitle "EXT 2002"]
[Source "ChessBase"]
[SourceDate "2001.11.25"]
[SourceVersion "1"]
[SourceVersionDate "2001.11.25"]
[SourceQuality "1"]

1. d4 d5 2. c4 dxc4 3. e4 e6 4. Bxc4 Nf6 5. Nc3 c5 6. Nf3 Nc6 7. d5 exd5 8. exd5 Qe7+ 9. Be3 Ne5 10. 0-0 Nxc4 11. Qa4+ Qd7 12. Qxc4 b6 13. Rfe1 Be7 14. Ne5 Qf5 15. Nc6 Nxd5 16. Qxd5 Be6 17. Qxf5 Bxf5 18. Bg5 1-0

[Event "Ottawa Eastern Ontario op"]
[Site "Ottawa"]
[Date "1996.06.16"]
[Round "5"]
[White "Pacey, Kevin"]
[Black "Taylor, Gordon"]
[Result "1-0"]
[WhiteElo "2257"]
[BlackElo "2435"]
[PlyCount "113"]
[EventDate "1996.06.15"]
[EventType "swiss"]
[EventRounds "5"]
[EventCountry "CAN"]
[SourceTitle "EXT 2022"]
[Source "ChessBase"]
[SourceDate "2021.10.06"]
[SourceVersion "1"]
[SourceVersionDate "2021.10.06"]
[SourceQuality "1"]

1. e4 c5 2. Nf3 Nc6 3. Bb5 g6 4. 0-0 Bg7 5. c3 Nf6 6. Re1 0-0 7. d4 cxd4 8. cxd4 d5 9. e5 Ne4 10. Nc3 Nxc3 11. bxc3 Qa5 12. a4 Bg4 13. Bb2 Qc7 14. h3 Bd7 15. Nd2 a6 16. Bd3 Na5 17. f4 b5 18. axb5 Bxb5 19. Bc2 e6 20. Ba3 Rfc8 21. Re3 Bf8 22. Bxf8 Rxf8 23. Qg4 Nc4 24. Nxc4 Bxc4 25. Qg5 Rfb8 26. f5 exf5 27. e6 Re8 28. Bxf5 Kg7 29. Rae1 fxe6 30. Rxe6 Rxe6 31. Rxe6 Kh8 32. Re7 Qxe7 33. Qxe7 gxf5 34. Qb7 Rf8 35. Kf2 f4 36. Kf3 Kg8 37. h4 Rf7 38. Qc6 Kg7 39. h5 Rf6 40. Qc7+ Rf7 41. Qe5+ Kf8 42. h6 a5 43. Qb8+ Ke7 44. Qc7+ Kf6 45. Qxa5 Kg6 46. Qb6+ Rf6 47. Qd8 Rf5 48. Qd6+ Rf6 49. Qe7 Rf7 50. Qe8 Bb3 51. Qg8+ Kf6 52. Kxf4 Ke7+ 53. Ke5 Bc2 54. Qg5+ Kd7 55. Qg4+ Kc7 56. Qg7 Bg6 57. Ke6 1-0

[Event "Ontario op"]
[Site "Kitchener"]
[Date "1996.05.20"]
[Round "6"]
[White "Taylor, Gordon"]
[Black "Dougherty, Michael J"]
[Result "1-0"]
[WhiteElo "2445"]
[BlackElo "2347"]
[PlyCount "115"]
[EventDate "1996.05.18"]
[EventType "swiss"]
[EventRounds "6"]
[EventCountry "CAN"]
[SourceTitle "EXT 2022"]
[Source "ChessBase"]
[SourceDate "2021.10.06"]
[SourceVersion "1"]
[SourceVersionDate "2021.10.06"]
[SourceQuality "1"]

1. Nf3 g6 2. d4 Bg7 3. c4 d6 4. Nc3 Nf6 5. e4 0-0 6. Be2 Na6 7. 0-0 c5 8. d5 h6 9. h3 Nc7 10. Bf4 Nd7 11. Qd2 Kh7 12. Rfe1 b6 13. Bd3 Ne5 14. Nxe5 dxe5 15. Bg3 Bd7 16. Rad1 h5 17. Bc2 Ne8 18. Qe2 Qc7 19. Bh4 f6 20. f4 Bh6 21. d6 exd6 22. Nd5 Qb7 23. f5 Bc6 24. fxg6+ Kxg6 25. Rf1 Bxd5 26. exd5+ f5 27. Rxf5 Rxf5 28. Bxf5+ Kg7 29. Qxh5 Qf7 30. Qg4+ Kh8 31. Be6 Qg7 32. Qf5 Be3+ 33. Kh1 Qh6 34. Qf7 Ng7 35. Bf6 Kh7 36. Rf1 Bf4 37. Rf3 a6 38. g3 Bg5 39. Bf5+ Kh8 40. Bxg5 Qxg5 41. Be4 Rg8 42. Kg2 Qh6 43. Rf6 Qd2+ 44. Rf2 Qh6 45. Qg6 Qh5 46. g4 Qh4 47. Rf7 b5 48. b3 b4 49. Kh2 a5 50. Kg2 a4 51. bxa4 b3 52. axb3 Nf5 53. Qxf5 Rxg4+ 54. hxg4 Qxg4+ 55. Kf2 Qh4+ 56. Ke2 Qg4+ 57. Kd2 Qg5+ 58. Kc2 1-0

[Event "Ontario op"]
[Site "Kitchener"]
[Date "1996.05.19"]
[Round "3"]
[White "Jung, Hans Rudolf"]
[Black "Taylor, Gordon"]
[Result "0-1"]
[WhiteElo "2317"]
[BlackElo "2445"]
[PlyCount "94"]
[EventDate "1996.05.18"]
[EventType "swiss"]
[EventRounds "6"]
[EventCountry "CAN"]
[SourceTitle "EXT 2022"]
[Source "ChessBase"]
[SourceDate "2021.10.06"]
[SourceVersion "1"]
[SourceVersionDate "2021.10.06"]
[SourceQuality "1"]

1. e4 c5 2. Nf3 Nc6 3. h3 g6 4. c3 Nf6 5. Qa4 d6 6. e5 Nd5 7. Qe4 Nc7 8. exd6 Qxd6 9. Na3 Bg7 10. Nb5 Nxb5 11. Bxb5 Bf5 12. Qe3 a6 13. Be2 0-0 14. 0-0 Rad8 15. d3 Bxd3 16. Bxd3 Qxd3 17. Qxc5 Rd5 18. Qb6 Rb5 19. Qc7 Qd8 20. Qg3 Qd7 21. Re1 Rd8 22. a4 Rd5 23. Be3 Qf5 24. Bb6 R8d7 25. Rac1 Rd3 26. Qh4 Rxf3 27. gxf3 Ne5 28. Rxe5 Bxe5 29. Qg4 Qd3 30. Re1 f5 31. Qg2 Bf4 32. Be3 Bxe3 33. fxe3 Qd2 34. Qe2 Kg7 35. Kf2 Qd6 36. Kg2 Qe5 37. Qc2 f4 38. Qe4 Rd2+ 39. Kf1 Qxe4 40. fxe4 f3 41. Rb1 Kf6 42. b4 Ke5 43. c4 Rc2 44. c5 Kxe4 45. Rb3 e5 46. Ke1 g5 47. a5 h5 0-1

[Event "Ontario op"]
[Site "Kitchener"]
[Date "1996.05.19"]
[Round "4"]
[White "Taylor, Gordon"]
[Black "Wright, Stephen"]
[Result "1-0"]
[WhiteElo "2445"]
[BlackElo "2291"]
[PlyCount "35"]
[EventDate "1996.05.18"]
[EventType "swiss"]
[EventRounds "6"]
[EventCountry "CAN"]
[SourceTitle "EXT 2022"]
[Source "ChessBase"]
[SourceDate "2021.10.06"]
[SourceVersion "1"]
[SourceVersionDate "2021.10.06"]
[SourceQuality "1"]

1. d4 d5 2. c4 Nc6 3. Nf3 Bg4 4. cxd5 Bxf3 5. gxf3 Qxd5 6. e3 e5 7. Nc3 Bb4 8. Bd2 Bxc3 9. bxc3 exd4 10. cxd4 Nge7 11. Be2 0-0 12. Rg1 Kh8 13. f4 f5 14. Bf3 Qd6 15. Qb3 Rad8 16. Rc1 Rfe8 17. Kf1 b6 18. Qc4 1-0

[Event "CAN-ch"]
[Site "Toronto"]
[Date "1996.??.??"]
[Round "13"]
[White "Baragar, Fletcher"]
[Black "Taylor, Gordon"]
[Result "0-1"]
[WhiteElo "2305"]
[BlackElo "2340"]
[PlyCount "96"]
[EventDate "1996.08.14"]
[EventType "tourn"]
[EventRounds "15"]
[EventCountry "CAN"]
[EventCategory "4"]
[SourceTitle "EXT 1998"]
[Source "ChessBase"]
[SourceDate "1997.11.17"]
[SourceVersion "1"]
[SourceVersionDate "1997.11.17"]
[SourceQuality "1"]

1. e4 c6 2. d3 d5 3. Nd2 e5 4. Ngf3 Bd6 5. g3 Nf6 6. Bg2 0-0 7. 0-0 Re8 8. c3 b6 9. Re1 Nbd7 10. Nh4 Bf8 11. b4 a5 12. Qb3 Ba6 13. Qb1 d4 14. cxd4 Bxb4 15. Rd1 exd4 16. Ndf3 Bc3 17. Bb2 Nc5 18. Bxc3 dxc3 19. Bf1 b5 20. a3 Qb6 21. Qc2 b4 22. Nf5 Bb5 23. Rdb1 Ba4 24. Qxc3 bxc3 25. Rxb6 Reb8 26. Rxb8+ Rxb8 27. N5d4 Nb3 28. Rb1 Nd7 29. Nc2 c5 30. Nfe1 Nd4 31. Rc1 Rb2 32. Ne3 c2 33. Kg2 Rb1 34. Rxc2 Rxe1 35. Rb2 Bc6 36. Nc4 a4 37. Ne5 Kf8 38. Nxc6 Nxc6 39. Be2 Nd4 40. Bg4 Ne5 41. Rb8+ Ke7 42. Rb7+ Kd6 43. Bc8 g5 44. f4 Re2+ 45. Kh3 Nef3 46. fxg5 Rxh2+ 47. Kg4 Ne5+ 48. Kf4 Rf2+ 0-1

[Event "Montreal op"]
[Site "Montreal"]
[Date "1996.??.??"]
[Round "5"]
[White "Lesiege, Alexandre"]
[Black "Taylor, Gordon"]
[Result "1/2-1/2"]
[WhiteElo "2480"]
[BlackElo "2340"]
[PlyCount "84"]
[EventDate "1996.??.??"]
[EventType "swiss"]
[EventRounds "9"]
[EventCountry "CAN"]
[SourceTitle "EXT 1999"]
[Source "ChessBase"]
[SourceDate "1998.11.16"]
[SourceVersion "1"]
[SourceVersionDate "1998.11.16"]
[SourceQuality "1"]

1. d4 Nf6 2. c4 e6 3. Nc3 Bb4 4. e3 c5 5. Bd3 0-0 6. Nf3 d5 7. 0-0 cxd4 8. exd4 dxc4 9. Bxc4 b6 10. Ne5 Bb7 11. Bg5 Nbd7 12. Nxd7 Qxd7 13. Bxf6 gxf6 14. d5 Bxc3 15. bxc3 Rac8 16. Qg4+ Kh8 17. Rad1 Rg8 18. Qh4 exd5 19. Bd3 Rg7 20. Rfe1 d4 21. Be4 Bxe4 22. Qxe4 Rg4 23. Qf3 Rg6 24. cxd4 Qd6 25. Re4 Kg7 26. h4 Qd5 27. h5 Rg5 28. h6+ Kg6 29. g3 Re8 30. Rde1 f5 31. Re6+ fxe6 32. Qxd5 exd5 33. Rxe8 Rg4 34. Re7 Rxd4 35. Rxa7 Kxh6 36. Rb7 Rb4 37. Rd7 d4 38. Kg2 Kg6 39. a3 Ra4 40. Rd6+ Kf7 41. Rxb6 Rxa3 42. Rd6 Ra5 1/2-1/2

[Event "CAN-ch"]
[Site "Toronto"]
[Date "1996.??.??"]
[Round "4"]
[White "Livshits, Ron"]
[Black "Taylor, Gordon"]
[Result "1-0"]
[WhiteElo "2390"]
[BlackElo "2340"]
[PlyCount "113"]
[EventDate "1996.08.14"]
[EventType "tourn"]
[EventRounds "15"]
[EventCountry "CAN"]
[EventCategory "4"]
[SourceTitle "EXT 1998"]
[Source "ChessBase"]
[SourceDate "1997.11.17"]
[SourceVersion "1"]
[SourceVersionDate "1997.11.17"]
[SourceQuality "1"]

1. d4 Nf6 2. c4 e6 3. Nf3 d5 4. Bg5 h6 5. Bxf6 Qxf6 6. Nc3 c6 7. e3 g6 8. Rc1 Qd8 9. Be2 Bg7 10. 0-0 0-0 11. cxd5 cxd5 12. b4 Nc6 13. a3 Bd7 14. Na4 Qe7 15. Nc5 Rfb8 16. Qd2 Be8 17. Rfd1 Nd8 18. Qa2 Rc8 19. b5 b6 20. Na6 Nb7 21. a4 Na5 22. g3 Bf8 23. Qb1 Qd8 24. h4 Bd6 25. Kg2 Qe7 26. Re1 Rxc1 27. Rxc1 Bd7 28. e4 dxe4 29. Qxe4 Rc8 30. Re1 Qf6 31. Ne5 Be8 32. Qe3 h5 33. Bd3 Kg7 34. Kg1 Rc3 35. Qd2 Rc8 36. Qb2 Kg8 37. Re3 Qd8 38. Bf1 Be7 39. Rf3 Qd6 40. Rf4 Qa3 41. Qe2 Qd6 42. Bh3 Nb3 43. Nxg6 Rc1+ 44. Kh2 fxg6 45. Bxe6+ Kg7 46. Bxb3 Rc3 47. Ba2 Ra3 48. Re4 Kf8 49. Rf4+ Kg7 50. Qc4 Rxa2 51. Qxa2 Bf6 52. Qc4 Bf7 53. Qc6 Be7 54. Nc7 Qxc6 55. bxc6 Bd6 56. Rxf7+ Kxf7 57. Nb5 1-0

[Event "Montreal op"]
[Site "Montreal"]
[Date "1996.??.??"]
[Round "8"]
[White "Taylor, Gordon"]
[Black "Spraggett, Kevin"]
[Result "0-1"]
[WhiteElo "2340"]
[BlackElo "2545"]
[PlyCount "122"]
[EventDate "1996.??.??"]
[EventType "swiss"]
[EventRounds "9"]
[EventCountry "CAN"]
[SourceTitle "EXT 1999"]
[Source "ChessBase"]
[SourceDate "1998.11.16"]
[SourceVersion "1"]
[SourceVersionDate "1998.11.16"]
[SourceQuality "1"]

1. d4 f5 2. Nf3 Nf6 3. g3 e6 4. Bg2 Be7 5. 0-0 0-0 6. c4 Ne4 7. b3 Bf6 8. Bb2 Qe7 9. Qc2 Nc6 10. a3 d5 11. Nbd2 a5 12. Ne5 Bd7 13. Ndf3 Be8 14. e3 g5 15. Nd3 Bg7 16. Rfe1 g4 17. Nfe5 Nxe5 18. dxe5 Bc6 19. Nf4 Bh6 20. Red1 dxc4 21. Qxc4 Bxf4 22. exf4 Rfd8 23. Qc2 Bd5 24. Bd4 b6 25. Qb2 c5 26. Be3 Rd7 27. Bf1 Rad8 28. a4 Kf7 29. Qc2 h5 30. Bb5 Rc7 31. Rd3 h4 32. Rad1 hxg3 33. fxg3 Rh8 34. Bf2 Kg6 35. Be1 Qf8 36. Bc4 Bxc4 37. Qxc4 Qf7 38. Rd6 Nxd6 39. exd6 Rd7 40. Bc3 Rc8 41. Be5 Rdd8 42. Qa6 Rc6 43. Qc4 Qd7 44. Rd2 Kf7 45. Qc3 Qb7 46. Qc4 Qd7 47. h4 Kg6 48. h5+ Kxh5 49. Bf6 Rxd6 50. Rxd6 Qxd6 51. Bxd8 Qxd8 52. Qxe6 Qd4+ 53. Kh2 Qf2+ 54. Kh1 Qf1+ 55. Kh2 Qh3+ 56. Kg1 Qxg3+ 57. Kh1 Qxf4 58. Qe8+ Kh4 59. Qh8+ Kg3 60. Qh2+ Kf3 61. Qc2 Qe4 0-1

[Event "CAN-ch"]
[Site "Toronto"]
[Date "1996.??.??"]
[Round "6"]
[White "Yoos, John C"]
[Black "Taylor, Gordon"]
[Result "1-0"]
[WhiteElo "2335"]
[BlackElo "2340"]
[PlyCount "93"]
[EventDate "1996.08.14"]
[EventType "tourn"]
[EventRounds "15"]
[EventCountry "CAN"]
[EventCategory "4"]
[SourceTitle "EXT 1998"]
[Source "ChessBase"]
[SourceDate "1997.11.17"]
[SourceVersion "1"]
[SourceVersionDate "1997.11.17"]
[SourceQuality "1"]

1. e4 c5 2. Nf3 Nc6 3. d4 cxd4 4. Nxd4 g6 5. c4 Bg7 6. Be3 Nf6 7. Nc3 0-0 8. Be2 d6 9. 0-0 Bd7 10. Qd2 Nxd4 11. Bxd4 Bc6 12. f3 a5 13. b3 Nd7 14. Be3 Nc5 15. Rab1 Qb6 16. Rfc1 Rfc8 17. Rc2 Qd8 18. Bf1 Qf8 19. a3 h5 20. b4 axb4 21. axb4 Na4 22. Ne2 Kh7 23. Nd4 Bd7 24. Rbc1 Qh8 25. g3 Nb6 26. c5 dxc5 27. bxc5 Na4 28. Qb4 Nxc5 29. Rxc5 Rxc5 30. Qxc5 Rc8 31. Qxe7 Rxc1 32. Qxd7 Qc8 33. Qxf7 Rc7 34. Qa2 Rc3 35. Qd2 Ra3 36. Ne2 Qc4 37. Nf4 Qb3 38. Bc5 Ra1 39. Qd6 Qf7 40. Ne6 Bh6 41. f4 Rc1 42. Bd4 Rc8 43. Bb5 Rc1+ 44. Kf2 Rc2+ 45. Ke3 Rc8 46. h4 Ra8 47. Bc4 1-0

[Event "CAN-ch"]
[Site "Ottawa"]
[Date "1995.??.??"]
[Round "1"]
[White "O'Donnell, Tom"]
[Black "Taylor, Gordon"]
[Result "1/2-1/2"]
[WhiteElo "2360"]
[BlackElo "2320"]
[PlyCount "31"]
[EventDate "1995.08.12"]
[EventType "tourn"]
[EventRounds "9"]
[EventCountry "CAN"]
[EventCategory "4"]
[SourceTitle "EXT 1997"]
[Source "ChessBase"]
[SourceDate "1996.11.15"]
[SourceVersion "1"]
[SourceVersionDate "1996.11.15"]
[SourceQuality "1"]

1. e4 c5 2. Nf3 Nc6 3. Bb5 g6 4. 0-0 Bg7 5. Re1 Nf6 6. c3 0-0 7. d4 cxd4 8. cxd4 d5 9. e5 Ne4 10. Nc3 Nxc3 11. bxc3 Qa5 12. Qa4 Qxa4 13. Bxa4 Bf5 14. Ba3 Rfc8 15. c4 e6 16. cxd5 1/2-1/2